10 Największych miast Węgier na mapie - Statystyki

Ogólne statystyki
  • Ten quiz został rozwiązany 21 razy
  • Średni wynik to 6 z 10
Odpowiedzi na mapie
Odpowiedzi zakodowano w zielono-czerwonej skali na mapie do tego quizu, zgodnie z poniższymi procentami.
 
Statystyki odpowiedzi
Miasto Populacja % Poprawnych
Budapeszt 1,7 mln
100%
Debreczyn 200k
88%
Pecs 140k
75%
Miszkolc 140k
69%
Segedyn 160k
63%
Gyor 130k
56%
Szekesfehervar 95k
38%
Szombathely 75k
31%
Nyiregyhaza 115k
25%
Kecskemet 110k
19%
Nie znaleziono quizów pasujących do podanych kryteriów
Rozkład punktacji
Procent ludzi z każdym wynikiem
Percentyl według liczby udzielonych odpowiedzi
Twoja historia wyników
Nie rozwiązałeś tego quizu